Characters in Street Fighter Alpha 3 - Statistics

General Stats
  • This quiz has been taken 49 times
  • The average score is 21 of 27
Answer Stats
Country Character % Correct
Brazil Blanka
100%
China Chun-Li
100%
India Dhalsim
97%
Japan Ryu
97%
United Kingdom Cammy
94%
United States Ken
91%
Thailand Sagat
91%
Spain Vega
91%
Soviet Union Zangief
91%
Japan Akuma
88%
United States Balrog
88%
Italy Rose
88%
United Kingdom Birdie
82%
Thailand Adon
76%
United States Charlie
76%
Hong Kong Dan
76%
Japan E. Honda
76%
Japan Sakura
76%
United States Sodom
76%
United States Guy
70%
China Gen
67%
United States Cody
64%
Japan Karin
64%
United States Rolento
61%
Germany Juli
58%
Germany Juni
55%
Japan R. Mika
55%
No matching quizzes found
Score Distribution
Percent of People with Each Score
Percentile by Number Answered
Your Score History
You have not taken this quiz